Moderní ukazatele finanční výkonnosti obchodní společnosti
Sofistikované ukazovatele finančnej výkonnosti obchodných spoločností. Popis diskontovanej cash flow, trhovej pridanej hodnoty a Balanced Scorecard.
Saved in:
| Main Author: | |
|---|---|
| Format: | Book Chapter |
| Language: | Czech |
| Subjects: | |
| Tags: |
No Tags, Be the first to tag this record!
|
MARC
| LEADER | 00000nla a2200000 4500 | ||
|---|---|---|---|
| 001 | 0206278 | ||
| 005 | 20240417075100.1 | ||
| 041 | 0 | |a cze | |
| 044 | |a CZ | ||
| 245 | 1 | 0 | |a Moderní ukazatele finanční výkonnosti obchodní společnosti |c Libuše Svobodová |
| 520 | |a Sofistikované ukazovatele finančnej výkonnosti obchodných spoločností. Popis diskontovanej cash flow, trhovej pridanej hodnoty a Balanced Scorecard. | ||
| 610 | 2 | 0 | |a hodnota pridaná ekonomická |
| 610 | 2 | 0 | |a cash flow |
| 610 | 2 | 0 | |a metóda BSC |
| 610 | 2 | 0 | |a výkonnosť podniku |
| 610 | 2 | 0 | |a výkony podnikové |
| 610 | 2 | 0 | |a meranie výkonnosti |
| 100 | 1 | |a Svobodová, Libuše | |